Situación económica de Costa Rica
Guardat en:
| Format: | Text |
|---|---|
| Etiquetes: |
Afegir etiqueta
Sense etiquetes, Sigues el primer a etiquetar aquest registre!
|
MARC
| LEADER | 00000 a a2200000 04500 | ||
|---|---|---|---|
| 001 | 39957 | ||
| 003 | |||
| 040 | |||
| 245 | |a Situación económica de Costa Rica | ||
| 773 | |g volumen 4, número15 ( julio-octubre, 1986) | ||
| 999 | |c 29146 |d 29146 | ||
